Bestiario (Record no. 7128)

MARC details
000 - LÍDER
campo de control de longitud fija 00880nam a2200217Ia 4500
008 - ELEMENTOS DE DATOS DE LONGITUD FIJA - INFORMACIÓN GENERAL
campo de control de longitud fija 0000002000 pr a 0000000000spa00
090 ## - NÚMERO DE LLAMADA DE TIPO LC LOCALMENTE ASIGNADO (OCLC)
Número de clasificación (OCLC) (R) PPR00 R62b
100 1# - ENTRADA PRINCIPAL - NOMBRE PERSONAL
Nombre de la persona Rodríguez Luiggi, Edgard
Fechas asociadas a un nombre 1968
245 10 - TÍTULO DECLARACIÓN
Título Bestiario
Resto del título : Edgard Rodríguez Luiggi
Declaración de responsabilidad / fotografías Antonio Ramírez Aponte
264 ## - AVISO DE PRODUCCIÓN, PUBLICACIÓN, DISTRIBUCIÓN, FABRICACIÓN Y DERECHOS DE AUTOR
Lugar de producción Humacao (Puerto Rico) : Museo Casa Roig
260 ## - PUBLICACIÓN, DISTRIBUCIÓN
Fecha de publicación 2000
300 ## - DESCRIPCIÓN FÍSICA
Alcance [8] p.
Dimensiones / 28 cm.
500 ## - NOTA GENERAL
Nota general Exposición realizada en Museo Casa Roig, Humacao, Septiembre 29 Noviembre 12, 2000 \ Con el patronazgo del maestro venezolano Jesús Rafael Soto (q.e.p.d.)
600 00 - ENTRADA DE SUJETO AÑADIDO - NOMBRE PERSONAL
Nombre de la persona RODRIGUEZ LUIGGI, EDGARD, 1968/
Subdivisión general TRABAJOS PICTORICOS
650 14 - ENTRADA DE SUJETO AÑADIDO - TÉRMINO TÓPICO
Término tópico o elemento de entrada del nombre geográfico ARTE CONTEMPORANEO PUERTORRIQUEÑO
650 14 - ENTRADA DE SUJETO AÑADIDO - TÉRMINO TÓPICO
Subdivisión general CATALOGOS
650 14 - ENTRADA DE SUJETO AÑADIDO - TÉRMINO TÓPICO
Subdivisión general EXPOSICIONES
650 14 - ENTRADA DE SUJETO AÑADIDO - TÉRMINO TÓPICO
Término tópico o elemento de entrada del nombre geográfico PINTORES PUERTORRIQUEÑOS
650 14 - ENTRADA DE SUJETO AÑADIDO - TÉRMINO TÓPICO
Término tópico o elemento de entrada del nombre geográfico PINTURA PUERTORRIQUEÑA
700 1# - ENTRADA AGREGADA - NOMBRE PERSONAL
Nombre de la persona Ramírez Aponte, Antonio
Holdings
Estado de retirada Pérdida de estatus Estado dañado No para préstamo Código de recogida Ubicación permanente Ubicación actual Ubicación de las estanterías Fecha de adquisición Número de llamada completo Código de barras Fecha de la última vez que se vio Número de copia Precio efectivo desde Tipo de artículo Koha
        General ArtNexus ArtNexus General 06/09/2022 P-PR-00 R62B 7132 06/09/2022 Ej.1 06/09/2022 Libro

Powered by Koha